<?xml version="1.0" encoding="UTF-8"?>
<record
    xmlns:xsi="http://www.w3.org/2001/XMLSchema-instance"
    xsi:schemaLocation="http://www.loc.gov/MARC21/slim http://www.loc.gov/standards/marcxml/schema/MARC21slim.xsd"
    xmlns="http://www.loc.gov/MARC21/slim">

  <leader>01069nam a22002297a 4500</leader>
  <controlfield tag="003">LK-CoDNM</controlfield>
  <controlfield tag="005">20241014110943.0</controlfield>
  <controlfield tag="008">241014b        |||||||| |||| 00| 0 eng d</controlfield>
  <datafield tag="040" ind1=" " ind2=" ">
    <subfield code="a">LK-CoDNM</subfield>
    <subfield code="d">LK-CoDNM</subfield>
    <subfield code="e">LK-CoDNM</subfield>
  </datafield>
  <datafield tag="041" ind1=" " ind2=" ">
    <subfield code="a">sin</subfield>
  </datafield>
  <datafield tag="080" ind1=" " ind2=" ">
    <subfield code="a">&#xDB4;&#xDCA;&#x200D;&#xDBB; &#xD9A; </subfield>
    <subfield code="b">55.1</subfield>
  </datafield>
  <datafield tag="100" ind1=" " ind2=" ">
    <subfield code="a">&#xDB4;&#xDAB;&#xDCA;&#xDA9;&#xDD2;&#xDAD; &#xDC0;&#xDBD;&#xD9C;&#xDD9;&#xDAF;&#xDBB; &#xDC3;&#xDDC;&#xDB8;&#xDCF;&#xDBD;&#xDDC;&#xD9A;&#xDAD;&#xDD2;&#xDC3;&#xDCA;&#xDC3;  &#xDC3;&#xDAE;&#xDC0;&#xDD2;&#xDBB; &#xDC0;&#xDC4;&#xDB1;&#xDCA;&#xDC3;&#xDDA; </subfield>
  </datafield>
  <datafield tag="245" ind1=" " ind2=" ">
    <subfield code="a">&#xD9A;&#xDDC;&#xDBD;&#xDB9; &#xDB4;&#xDCA;&#x200D;&#xDBB;&#xDCF;&#xDA0;&#xDD2;&#xDB1; &#xDB7;&#xDCF;&#xDC2;&#xDDC;&#xDB4;&#xD9A;&#xDCF;&#xDBB; &#xDC3;&#xDB8;&#xDCF;&#xD9C;&#xDB8;&#xDDA; &#xDC1;&#xDCF;&#xDC3;&#xDCA;&#xDAD;&#xDCA;&#x200D;&#xDBB;&#xDD2;&#xDD2;&#xDBA; &#xDC3;&#xD9E;&#xD9C;&#xDCA;&#x200D;&#xDBB;&#xDC4;&#xDBA; </subfield>
    <subfield code="b">1946</subfield>
  </datafield>
  <datafield tag="246" ind1=" " ind2=" ">
    <subfield code="a">journal  of the oriental studies society </subfield>
  </datafield>
  <datafield tag="260" ind1=" " ind2=" ">
    <subfield code="b">COLOMBO</subfield>
  </datafield>
  <datafield tag="300" ind1=" " ind2=" ">
    <subfield code="a">145P. : 25 CM</subfield>
  </datafield>
  <datafield tag="650" ind1=" " ind2=" ">
    <subfield code="a">&#xD9A;&#xDDC;&#xDBD;&#xDB9; &#xDB4;&#xDCA;&#x200D;&#xDBB;&#xDCF;&#xDA0;&#xDD2;&#xDB1; &#xDB7;&#xDCF;&#xDC2;&#xDDC;&#xDB4;&#xD9A;&#xDCF;&#xDBB; &#xDC3;&#xDB8;&#xDCF;&#xD9C;&#xDB8;&#xDDA; &#xDC1;&#xDCF;&#xDC3;&#xDCA;&#xDAD;&#xDCA;&#x200D;&#xDBB;&#xDD2;&#xDD2;&#xDBA; &#xDC3;&#xD9E;&#xD9C;&#xDCA;&#x200D;&#xDBB;&#xDC4;&#xDBA; </subfield>
  </datafield>
  <datafield tag="650" ind1=" " ind2=" ">
    <subfield code="a">journal  of the oriental studies society </subfield>
  </datafield>
  <datafield tag="650" ind1=" " ind2=" ">
    <subfield code="a">&#xDB4;&#xDCA;&#x200D;&#xDBB;&#xD9A; 55.1</subfield>
  </datafield>
  <datafield tag="700" ind1=" " ind2=" ">
    <subfield code="a">&#xDB4;&#xDAB;&#xDCA;&#xDA9;&#xDD2;&#xDAD; &#xD85;&#xDB8;&#xDCA;&#xDB6;&#xDBD;&#xDB1;&#xDCA;&#xDBD;&#xDDC;&#xDA9; &#xDB0;&#xDB8;&#xDCA;&#xDB8;&#xD9A;&#xDD4;&#xDC3;&#xDBD;  &#xDC3;&#xDAE;&#xDC0;&#xDD2;&#xDBB; &#xDC0;&#xDC4;&#xDB1;&#xDCA;&#xDC3;&#xDDA; </subfield>
  </datafield>
  <datafield tag="942" ind1=" " ind2=" ">
    <subfield code="c">BK</subfield>
  </datafield>
  <datafield tag="952" ind1=" " ind2=" ">
    <subfield code="0">0</subfield>
    <subfield code="1">0</subfield>
    <subfield code="4">1</subfield>
    <subfield code="7">0</subfield>
    <subfield code="8">OBC</subfield>
    <subfield code="a">MAIN</subfield>
    <subfield code="b">MAIN</subfield>
    <subfield code="c">REF</subfield>
    <subfield code="d">2024-10-14</subfield>
    <subfield code="l">0</subfield>
    <subfield code="o">&#xDB4;&#xDCA;&#x200D;&#xDBB; &#xD9A;  55.1</subfield>
    <subfield code="p">OJP3249.2</subfield>
    <subfield code="r">2024-10-14</subfield>
    <subfield code="w">2024-10-14</subfield>
    <subfield code="y">BK</subfield>
  </datafield>
  <datafield tag="999" ind1=" " ind2=" ">
    <subfield code="c">219191</subfield>
    <subfield code="d">219191</subfield>
  </datafield>
</record>
